Técnicas primitivas de Olaria (Record no. 46055)
[ view plain ]
| 000 -Etiqueta do registo | |
|---|---|
| Valores | 00426nam a2200157 4500 |
| 100 ## - Dados gerais de processamento | |
| Dados gerais | 20260427 pory50 |
| 101 ## - Língua de publicação | |
| Língua | por |
| 102 ## - País de publicação | |
| País | PT |
| 200 ## - Titulo e menção de responsabilidade | |
| Título próprio | Técnicas primitivas de Olaria |
| Informação de outro título | com referência especial à Africana |
| Primeira menção de responsabilidade | Fernando Galhano |
| 210 ## - Publicação | |
| Local de publicação | [Não identificado] |
| Nome do editor | [Não identificado] |
| Data de publicação | [Não identificado] |
| 215 ## - Descrição física | |
| Paginação / Volumes | 1 v. |
| 675 ## - CDU | |
| Notação | 738 |
| 801 ## - Fonte de origem | |
| País | PT |
| Regras de catalogação | RPC |
| 990 ## - Elementos KOHA | |
| Tipo de documento | Livro |
| Aquisição | Empréstimo | Código de barras | Cota | Permissão de empréstimo | Tipo de documento | Nota relativa ao exemplar |
|---|---|---|---|---|---|---|
| Fundo Local do Concelho | Fundo Local do Concelho | 057205 | 738 GAL | Consulta presencial | Livro | fotocópia do original |